[Event "Olympiad Women-45"]
[Site "Budapest"]
[Date "2024.09.20"]
[Round "9.4"]
[White "Vincent, Alaina"]
[Black "McKoy, Arielle"]
[Result "1-0"]
[WhiteElo "1976"]
[BlackElo "1442"]
[PlyCount "159"]
[EventDate "2024.09.11"]
[EventType "team-swiss"]
[EventRounds "11"]
[EventCountry "HUN"]
[SourceTitle "EXT 2025"]
[Source "ChessBase"]
[SourceDate "2024.10.14"]
[SourceVersion "1"]
[SourceVersionDate "2024.10.14"]
[SourceQuality "1"]
[WhiteTeam "Australia (W)"]
[BlackTeam "Jamaica (W)"]
[WhiteTeamCountry "AUS"]
[BlackTeamCountry "JAM"]

1. e4 e5 2. Nf3 Nc6 3. Bc4 Bc5 4. c3 Nf6 5. d3 h6 6. 0-0 0-0 7. Re1 d6 8. a4 a6 9. b4 Ba7 10. Nbd2 Bd7 11. Nf1 b5 12. Bb3 Ne7 13. Ng3 Ng6 14. Nf5 Kh7 15. Be3 Qc8 16. Bxa7 Rxa7 17. axb5 Bxb5 18. Ba4 Bd7 19. Bxd7 Qxd7 20. Ra5 Rb8 21. Qa1 Rb6 22. Rb1 c6 23. c4 Nf4 24. Ra3 g6 25. Nxd6 Qg4 26. Ne1 Ne2+ 27. Kf1 Nd4 28. Qa2 Kg7 29. h3 Qe6 30. c5 Qxa2 31. Rxa2 Rb8 32. Nc4 Nd7 33. Rab2 g5 34. Nf3 Nxf3 35. gxf3 h5 36. Ke2 h4 37. Ke3 f6 38. Kd2 Kf7 39. Kc3 Ke6 40. Ra1 Rbb7 41. Rba2 Nb8 42. Nd6 Rg7 43. Rd1 Rad7 44. Rad2 Rd8 45. Nf5 Rgd7 46. f4 Kf7 47. fxe5 fxe5 48. Nd6+ Ke7 49. Rg1 Kf6 50. f3 Rg7 51. Rdg2 Rdg8 52. d4 Ke6 53. Nf5 Rd7 54. Rxg5 Rxg5 55. Rxg5 Kf6 56. Rh5 exd4+ 57. Nxd4 Rg7 58. Rxh4 Rg3 59. Rf4+ Kg5 60. Rg4+ Rxg4 61. fxg4 Nd7 62. Nxc6 Nf6 63. Kd4 Kh4 64. e5 Nh7 65. e6 Nf6 66. Ke5 Kg5 67. h4+ Kg6 68. g5 Ne8 69. Ne7+ Kg7 70. h5 a5 71. bxa5 Kf8 72. Nf5 Ng7 73. Nxg7 Kxg7 74. Kd6 Kf8 75. Kd7 Kg8 76. e7 Kh7 77. e8Q Kg7 78. h6+ Kh7 79. Qf7+ Kh8 80. Qg7# 1-0

[Event "Pan American-ch U12 Girls"]
[Site "Santiago de Chile"]
[Date "2018.07.25"]
[Round "5"]
[White "McKoy, Arielle"]
[Black "Rueda Nessi, Juana"]
[Result "0-1"]
[WhiteElo "1253"]
[BlackElo "1570"]
[PlyCount "124"]
[EventDate "2018.07.22"]
[EventType "swiss"]
[EventRounds "9"]
[EventCountry "CHI"]
[SourceTitle "EXT 2022"]
[Source "ChessBase"]
[SourceDate "2021.10.06"]
[SourceVersion "1"]
[SourceVersionDate "2021.10.06"]
[SourceQuality "1"]

1. e4 d5 2. exd5 Qxd5 3. Nc3 Qa5 4. Nf3 Nf6 5. h3 Bf5 6. a3 e6 7. Be2 c6 8. 0-0 Nbd7 9. d3 Bd6 10. h4 h6 11. g3 0-0-0 12. Bd2 Qc7 13. Kg2 Nd5 14. Nxd5 exd5 15. Be3 Kb8 16. Qd2 Rh7 17. Nd4 Bg6 18. Rac1 f6 19. Ne6 Qc8 20. Nxd8 Qxd8 21. Qc3 c5 22. Qb3 Bf7 23. Bf3 Nb6 24. c3 Qd7 25. d4 c4 26. Qc2 Rh8 27. Qb1 Be6 28. Kh2 Bf5 29. Qa2 g5 30. h5 g4 31. Bg2 Qf7 32. Rh1 Qxh5+ 33. Kg1 Qg6 34. b3 Bd3 35. bxc4 Bxc4 36. Qb2 h5 37. Qa1 Re8 38. Bd2 f5 39. a4 a5 40. Qb2 Bc7 41. Rb1 Ka7 42. Bf4 Bxf4 43. gxf4 Re2 44. Qa3 g3 45. f3 Bd3 46. Rd1 Bc4 47. Rf1 Ra2 48. Qe7 Bxf1 49. Bxf1 g2 50. Qe2 gxh1Q+ 51. Kxh1 Rxe2 52. Bxe2 Qg3 53. Bb5 Qxf3+ 54. Kg1 Qxc3 55. Bf1 Qxd4+ 56. Kg2 Qxf4 57. Kg1 Qg3+ 58. Bg2 f4 59. Kh1 f3 60. Bf1 f2 61. Bg2 h4 62. Bf1 Qg1# 0-1